The Influence of Informatization on the Traditional Consumption of Television Content from a Consumer's Point of View
Aktuálne hrozby ovplyvňujúce budúcu spotrebu televízie ako mediatypu. Stručná história televízie a jej vývoj až po súčasnosť. Štyri aktuálne hrozby, ktoré môžu v budúcnosti spôsobiť pokles spotreby televízie.
Salvato in:
| Autore principale: | |
|---|---|
| Altri autori: | |
| Natura: | Capitolo di libro |
| Lingua: | inglese |
| Soggetti: | |
| Tags: |
Nessun Tag, puoi essere il primo ad aggiungerne!!
|
MARC
| LEADER | 00000naa$a2200000$$$4500 | ||
|---|---|---|---|
| 001 | 0281547 | ||
| 005 | 20240502074402.9 | ||
| 041 | 0 | |a eng | |
| 044 | |a SK | ||
| 245 | 1 | 0 | |a The Influence of Informatization on the Traditional Consumption of Television Content from a Consumer's Point of View |c Martin Kuchta, Jana Kuchtová |
| 520 | |a Aktuálne hrozby ovplyvňujúce budúcu spotrebu televízie ako mediatypu. Stručná história televízie a jej vývoj až po súčasnosť. Štyri aktuálne hrozby, ktoré môžu v budúcnosti spôsobiť pokles spotreby televízie. | ||
| 610 | 2 | 0 | |a televízia |
| 610 | 2 | 0 | |a internet |
| 610 | 2 | 0 | |a médiá |
| 610 | 2 | 0 | |a informatizácia |
| 100 | 1 | |a Kuchta, Martin, 1990- | |
| 700 | 1 | |a Kuchtová, Jana | |